000 00670nam a2200205Ia 4500
003 GCL
008 140319s9999 xx 000 0 ara d
040 _aGCL /
_cGCL
082 0 4 _a812.043
_bع ق
100 1 _aعلى احمد باكثير
245 1 0 _aقصر الهودج :
_bمسرحية غنائية /
_cعلى احمد باكثير
260 _aالقاهرة :
_bمكتبة مصر ،
_c1978
300 _a93 ص ؛
_c20 سم
490 _aمطبوعات مكتبة مصر
_v0
650 0 4 _aالادب العربى
650 0 4 _aالادب
650 0 4 _aالمسرحيات الغنائية
650 0 4 _aالمسرحيات العربية
942 _2ddc
_cBK
999 _c33943
_d33943